[Event "EU-ch Online U2300 Final"]
[Site "Chess.com INT"]
[Date "2020.05.26"]
[Round "4"]
[White "Gasimov, Parviz"]
[Black "Curtacci, Sergio"]
[Result "1-0"]
[WhiteElo "2337"]
[BlackElo "2038"]
[PlyCount "83"]
[EventDate "2020.05.26"]
[EventType "swiss"]
[EventRounds "8"]
[EventCountry "NET"]
[SourceTitle "CBM 196 Extra"]
[Source "ChessBase"]
[SourceDate "2020.07.31"]
[SourceVersion "1"]
[SourceVersionDate "2020.07.31"]
[SourceQuality "1"]

1. e4 c5 2. Nf3 g6 3. d4 cxd4 4. Nxd4 Bg7 5. c4 Nc6 6. Be3 Nf6 7. Nc3 Ng4 8. Qxg4 Nxd4 9. Qd1 e5 10. Bd3 0-0 11. 0-0 Qh4 12. Qd2 f5 13. f3 d6 14. Nd5 f4 15. Bxd4 exd4 16. b4 Be5 17. Rac1 Qd8 18. c5 dxc5 19. Rxc5 Bd6 20. Rc4 Be5 21. Rc5 b6 22. Rc2 Be6 23. Bc4 Bf7 24. Rfc1 Rc8 25. Ne7+ Qxe7 26. Bxf7+ Rxf7 27. Rxc8+ Kg7 28. R8c4 g5 29. Rf1 Qe6 30. Qd3 Rd7 31. b5 h6 32. Rfc1 g4 33. Rc6 Qxa2 34. fxg4 Qb2 35. Qh3 Bd6 36. g5 Rd8 37. Qxh6+ Kg8 38. Qg6+ Kf8 39. Qf6+ Ke8 40. g6 Be7 41. Qf7+ Kd7 42. Rc7+ 1-0

[Event "EU-ch Online U2300 Qual"]
[Site "Chess.com INT"]
[Date "2020.05.25"]
[Round "4"]
[White "Curtacci, Sergio"]
[Black "Skreno, Vladimir"]
[Result "1-0"]
[WhiteElo "2038"]
[BlackElo "2119"]
[PlyCount "99"]
[EventDate "2020.05.25"]
[EventType "swiss"]
[EventRounds "8"]
[EventCountry "NET"]
[SourceTitle "EXT 2021"]
[Source "ChessBase"]
[SourceDate "2020.10.23"]
[SourceVersion "1"]
[SourceVersionDate "2020.10.23"]
[SourceQuality "1"]

1. d4 Nf6 2. Nf3 g6 3. e3 Bg7 4. Bd3 d6 5. Nbd2 c6 6. 0-0 0-0 7. Qe2 Nbd7 8. e4 e5 9. c3 Qc7 10. Re1 Re8 11. Qd1 Nf8 12. Qc2 Ne6 13. g3 Bd7 14. dxe5 dxe5 15. a4 Rad8 16. a5 h5 17. h4 b5 18. axb6 axb6 19. Nb3 Ng4 20. Ng5 Ra8 21. Bd2 c5 22. Bc4 Rxa1 23. Rxa1 b5 24. Bxe6 Bxe6 25. Nxe6 Rxe6 26. f3 c4 27. fxg4 Qb6+ 28. Kg2 cxb3 29. Qxb3 Rd6 30. Bg5 hxg4 31. Rd1 Rxd1 32. Qxd1 Qe6 33. Qd8+ Kh7 34. Qd5 Qxd5 35. exd5 f6 36. Be3 Bf8 37. b3 Kg7 38. c4 bxc4 39. bxc4 Kf7 40. c5 Ke7 41. Kf2 Kd7 42. Ke2 f5 43. Kd3 Be7 44. Kc4 Bd8 45. c6+ Kd6 46. Bc5+ Kc7 47. Kb5 f4 48. d6+ Kc8 49. d7+ Kb8 50. Bd6+ 1-0

[Event "EU-ch Online U2300 Qual"]
[Site "Chess.com INT"]
[Date "2020.05.25"]
[Round "6"]
[White "Krivenko, Sergey"]
[Black "Curtacci, Sergio"]
[Result "1/2-1/2"]
[WhiteElo "2279"]
[BlackElo "2038"]
[PlyCount "46"]
[EventDate "2020.05.25"]
[EventType "swiss"]
[EventRounds "8"]
[EventCountry "NET"]
[SourceTitle "EXT 2021"]
[Source "ChessBase"]
[SourceDate "2020.10.23"]
[SourceVersion "1"]
[SourceVersionDate "2020.10.23"]
[SourceQuality "1"]

1. d4 Nf6 2. Bg5 e6 3. e4 d6 4. Bd3 Be7 5. Ne2 Nbd7 6. 0-0 0-0 7. c3 b6 8. f4 h6 9. Bh4 Bb7 10. Nd2 c5 11. Qe1 d5 12. e5 Ne4 13. Bxe7 Qxe7 14. Ng3 cxd4 15. cxd4 Nxg3 16. Qxg3 f5 17. exf6 Nxf6 18. Nf3 Ne4 19. Bxe4 dxe4 20. Ne5 Qb4 21. Qc3 Qxc3 22. bxc3 Rac8 23. Rac1 Rc7 1/2-1/2

[Event "EU-ch Online U2300 Qual"]
[Site "Chess.com INT"]
[Date "2020.05.25"]
[Round "1"]
[White "Pogorelskikh, Sergey"]
[Black "Curtacci, Sergio"]
[Result "1/2-1/2"]
[WhiteElo "2218"]
[BlackElo "2038"]
[PlyCount "77"]
[EventDate "2020.05.25"]
[EventType "swiss"]
[EventRounds "8"]
[EventCountry "NET"]
[SourceTitle "EXT 2021"]
[Source "ChessBase"]
[SourceDate "2020.10.23"]
[SourceVersion "1"]
[SourceVersionDate "2020.10.23"]
[SourceQuality "1"]

1. e4 d5 2. exd5 Qxd5 3. Nc3 Qa5 4. d4 c6 5. Nf3 Nf6 6. Bd3 Bg4 7. h3 Bh5 8. 0-0 e6 9. Ne4 Be7 10. Bf4 Nxe4 11. Bxe4 Nd7 12. c3 Nf6 13. Bd3 0-0 14. Be2 h6 15. Ne5 Bxe2 16. Qxe2 Rfe8 17. a4 Qd8 18. Rfe1 c5 19. Rad1 Nd5 20. Nxf7 Nxf4 21. Qg4 Kxf7 22. Qxf4+ Bf6 23. dxc5 Qc8 24. Qc4 Kg8 25. Rd6 Kh8 26. Rdxe6 Rxe6 27. Rxe6 Qc7 28. c6 Rd8 29. g3 bxc6 30. Rxc6 Qe5 31. Rc8 Qf5 32. Rxd8+ Bxd8 33. b4 Bb6 34. Qe2 Qg6 35. Kg2 Qc6+ 36. Qf3 Qxa4 37. Qf8+ Kh7 38. Qf5+ Kh8 39. Qf8+ 1/2-1/2

[Event "EU-ch Online U2300 Qual"]
[Site "Chess.com INT"]
[Date "2020.05.25"]
[Round "3"]
[White "Yeke, Serkan"]
[Black "Curtacci, Sergio"]
[Result "1/2-1/2"]
[WhiteElo "2099"]
[BlackElo "2038"]
[PlyCount "131"]
[EventDate "2020.05.25"]
[EventType "swiss"]
[EventRounds "8"]
[EventCountry "NET"]
[SourceTitle "EXT 2021"]
[Source "ChessBase"]
[SourceDate "2020.10.23"]
[SourceVersion "1"]
[SourceVersionDate "2020.10.23"]
[SourceQuality "1"]

1. e4 d5 2. exd5 Qxd5 3. Nc3 Qa5 4. g3 c6 5. Bg2 Nf6 6. Nge2 e6 7. 0-0 Be7 8. Rb1 0-0 9. a3 Nbd7 10. b4 Qc7 11. d3 Re8 12. h3 a6 13. Bf4 Bd6 14. a4 e5 15. Be3 h6 16. b5 axb5 17. axb5 Rb8 18. Qd2 Bf8 19. g4 Nh7 20. Ng3 Bc5 21. Bxc5 Nxc5 22. bxc6 bxc6 23. Rxb8 Qxb8 24. Bxc6 Bd7 25. Bg2 Nf6 26. f4 Ne6 27. fxe5 Qxe5 28. Nf5 Nd4 29. Nxd4 Qxd4+ 30. Kh1 Qd6 31. Qf2 Bc6 32. Ne4 Bxe4 33. Bxe4 Rb8 34. Bg2 Rc8 35. Ra1 Qb4 36. c4 Qc3 37. Rd1 Rd8 38. Bf1 Ne4 39. Qe3 Qc2 40. Re1 Ng5 41. d4 Qb2 42. d5 g6 43. Bg2 Qa2 44. c5 Rxd5 45. c6 Ne6 46. Bxd5 Qxd5+ 47. Qe4 Qc5 48. Rf1 Ng5 49. Qg2 Ne6 50. h4 Nd4 51. Qe4 Kg7 52. c7 Ne6 53. Re1 Qxc7 54. Qe5+ Qxe5 55. Rxe5 Kf6 56. Ra5 Ng7 57. Kh2 h5 58. g5+ Ke7 59. Ra7+ Ke6 60. Ra6+ Ke7 61. Rf6 Nf5 62. Kh3 Ng7 63. Kg3 Nf5+ 64. Kh3 Ng7 65. Kg3 Nf5+ 66. Kh3 1/2-1/2

[Event "Crema op 13th"]
[Site "Crema"]
[Date "2011.09.02"]
[Round "1"]
[White "Falchi, Claudio"]
[Black "Curtacci, Sergio"]
[Result "0-1"]
[WhiteElo "1742"]
[BlackElo "2034"]
[PlyCount "90"]
[EventDate "2011.09.02"]
[EventType "swiss"]
[EventRounds "6"]
[EventCountry "ITA"]
[SourceTitle "EXT 2022"]
[Source "ChessBase"]
[SourceDate "2021.10.06"]
[SourceVersion "1"]
[SourceVersionDate "2021.10.06"]
[SourceQuality "1"]

1. e4 c5 2. Nc3 Nc6 3. g3 g6 4. Bg2 Bg7 5. d3 e6 6. f4 Nge7 7. Nf3 d6 8. 0-0 0-0 9. Be3 Nd4 10. e5 Nef5 11. Bf2 d5 12. Nxd4 cxd4 13. Ne2 Qb6 14. Rb1 Bd7 15. Nxd4 Nxd4 16. c3 Qa6 17. Bxd4 Bb5 18. Rf3 Bc6 19. b4 Ba4 20. Qd2 b5 21. Rc1 Rac8 22. Bf1 Qb7 23. Rf2 Rfd8 24. Be2 Bf8 25. Bd1 Bxd1 26. Qxd1 Rc6 27. a4 Ra6 28. Ra1 Rc8 29. Rfa2 Rac6 30. axb5 Qxb5 31. Ra5 Qb8 32. Rxa7 Rxc3 33. Bxc3 Rxc3 34. Qa4 Qb6+ 35. Kg2 Qe3 36. Ra2 Qxd3 37. Qd7 Qf3+ 38. Kh3 Qxf4 39. Ra8 Qf5+ 40. Kg2 Qf3+ 41. Kh3 Qf1+ 42. Kh4 g5+ 43. Kxg5 Qf5+ 44. Kh4 Rc4+ 45. g4 Qxg4# 0-1

[Event "Mogliano Veneto 31st A"]
[Site "Mogliano Veneto"]
[Date "2010.05.02"]
[Round "4"]
[White "Curtacci, Sergio"]
[Black "Sorbera, Giovanni"]
[Result "1-0"]
[WhiteElo "1997"]
[BlackElo "1974"]
[PlyCount "87"]
[EventDate "2010.04.30"]
[EventType "swiss"]
[EventRounds "5"]
[EventCountry "ITA"]
[SourceTitle "EXT 2024"]
[Source "ChessBase"]
[SourceDate "2023.10.10"]
[SourceVersion "1"]
[SourceVersionDate "2023.10.10"]
[SourceQuality "1"]

1. d4 Nf6 2. Nf3 g6 3. Nbd2 d6 4. e4 Bg7 5. Bd3 Nbd7 6. 0-0 e5 7. c3 0-0 8. Re1 c6 9. a4 Qa5 10. Qc2 Qc7 11. Nc4 Re8 12. dxe5 dxe5 13. h3 Nc5 14. Be3 Bf8 15. Bg5 Nfd7 16. Bf1 Ne6 17. Be3 b5 18. Ncd2 Rb8 19. Rec1 Bc5 20. Bxc5 Ndxc5 21. axb5 cxb5 22. b4 Na4 23. Bxb5 Nxc3 24. Bxe8 Ne2+ 25. Kh2 Nxc1 26. Qxc7 Nxc7 27. Bxf7+ Kxf7 28. Rxc1 Ne6 29. Nxe5+ Kf6 30. Ng4+ Ke7 31. Rb1 a5 32. bxa5 Ra8 33. Nb3 Ba6 34. Ne3 Rb8 35. Nd5+ Kd6 36. Nb6 Bb5 37. Rd1+ Kc7 38. Nd4 Nxd4 39. Rxd4 Kb7 40. Rd6 Re8 41. Nd5 Ba4 42. f3 Rc8 43. Nb6 Rc7 44. Nxa4 1-0

[Event "Mogliano Veneto 31st A"]
[Site "Mogliano Veneto"]
[Date "2010.04.30"]
[Round "1"]
[White "Curtacci, Sergio"]
[Black "Aleksic, Nenad"]
[Result "0-1"]
[WhiteElo "1997"]
[BlackElo "2372"]
[PlyCount "130"]
[EventDate "2010.04.30"]
[EventType "swiss"]
[EventRounds "5"]
[EventCountry "ITA"]
[SourceTitle "EXT 2024"]
[Source "ChessBase"]
[SourceDate "2023.10.10"]
[SourceVersion "1"]
[SourceVersionDate "2023.10.10"]
[SourceQuality "1"]

1. Nf3 Nf6 2. g3 b6 3. Bg2 Bb7 4. d3 e6 5. 0-0 d5 6. Nbd2 c5 7. c3 Nc6 8. Qc2 Be7 9. e4 Qc7 10. Re1 0-0 11. Nf1 dxe4 12. dxe4 Rad8 13. Bf4 Qc8 14. Rad1 Rxd1 15. Rxd1 Rd8 16. Rxd8+ Qxd8 17. N1d2 h6 18. h3 b5 19. Bf1 c4 20. a4 a6 21. axb5 axb5 22. b3 cxb3 23. Qxb3 b4 24. cxb4 Nxb4 25. Qb1 Qa8 26. Ne1 Nxe4 27. Nxe4 Bxe4 28. Qc1 Nd5 29. Bd2 Nf6 30. Bg2 Bxg2 31. Nxg2 Ne4 32. Be3 Bg5 33. h4 Bxe3 34. Qxe3 Qa1+ 35. Ne1 Nd6 36. Qd2 Nf5 37. Kg2 Nd4 38. Nf3 Nxf3 39. Kxf3 Qa8+ 40. Ke2 Qa6+ 41. Kf3 Qc6+ 42. Ke2 Qc5 43. Kf3 f5 44. Qe3 Qd5+ 45. Ke2 e5 46. Kf1 Kh7 47. Kg1 Kg6 48. Qb6+ Kh5 49. Qc7 g6 50. Qc2 Qf3 51. Qc7 e4 52. Qc5 Kg4 53. Kh2 f4 54. Qc8+ Kh5 55. Qc5+ g5 56. hxg5 fxg3+ 57. fxg3 hxg5 58. Qe5 Kg4 59. Qe6+ Qf5 60. Qa2 Kf3 61. Qg2+ Ke3 62. Kg1 Qf3 63. Qh3 Ke2 64. Qh2+ Ke1 65. Qc2 Qf1+ 0-1

[Event "Milan Sport&Cultura op"]
[Site "Milan"]
[Date "2010.02.12"]
[Round "1"]
[White "Penna, Tommaso"]
[Black "Curtacci, Sergio"]
[Result "0-1"]
[WhiteElo "1707"]
[BlackElo "1974"]
[PlyCount "56"]
[EventDate "2010.02.12"]
[EventType "swiss"]
[EventRounds "5"]
[EventCountry "ITA"]
[SourceTitle "EXT 2011"]
[Source "ChessBase"]
[SourceDate "2010.11.26"]
[SourceVersion "1"]
[SourceVersionDate "2010.11.26"]
[SourceQuality "1"]

1. d4 e6 2. Nf3 d6 3. e4 Nd7 4. Bd3 g6 5. Bg5 Ne7 6. 0-0 Bg7 7. Re1 b6 8. c3 Bb7 9. Nbd2 h6 10. Bf4 0-0 11. Nc4 a6 12. e5 d5 13. Ncd2 c5 14. Rc1 b5 15. a4 Qb6 16. b4 cxb4 17. cxb4 Nc6 18. Nb3 Nxb4 19. Nc5 Nxd3 20. Nxd7 Qd8 21. Qxd3 Qxd7 22. axb5 axb5 23. Rc5 Ba6 24. Nd2 b4 25. Qb3 Rfb8 26. Nf1 Bc4 27. Rxc4 dxc4 28. Qxc4 b3 0-1

[Event "Robecchetto op 20th"]
[Site "Robecchetto"]
[Date "2009.12.27"]
[Round "1"]
[White "Curtacci, Sergio"]
[Black "Barlocco, Carlo"]
[Result "0-1"]
[WhiteElo "1952"]
[BlackElo "2158"]
[PlyCount "130"]
[EventDate "2009.12.27"]
[EventType "swiss"]
[EventRounds "6"]
[EventCountry "ITA"]
[SourceTitle "CBM 134 Extra"]
[Source "ChessBase"]
[SourceDate "2010.03.03"]
[SourceVersion "1"]
[SourceVersionDate "2010.03.03"]
[SourceQuality "1"]

1. d4 Nc6 2. Nf3 d6 3. Bf4 Nf6 4. h3 g6 5. e3 Bg7 6. c3 0-0 7. Bc4 Nd7 8. 0-0 e5 9. dxe5 dxe5 10. Bg5 Qe8 11. e4 Nb6 12. Bd3 Be6 13. Na3 f6 14. Be3 Rd8 15. Qe2 Rf7 16. b3 Bf8 17. Nc2 Nd7 18. Rad1 Nc5 19. Bxc5 Bxc5 20. Ne3 a6 21. b4 Bxe3 22. Qxe3 Bxa2 23. b5 axb5 24. Bxb5 Rxd1 25. Rxd1 Rd7 26. Ra1 Qe6 27. Qc5 Kg7 28. Bxc6 bxc6 29. Qa7 Bc4 30. Qc5 Bb5 31. Ra8 Qd6 32. Qe3 c5 33. Kh2 Qc6 34. Rb8 Ba4 35. Nd2 Bc2 36. c4 Rd3 37. Qe2 Qd6 38. Nf3 Bd1 39. Qa2 Bxf3 40. gxf3 Rxf3 41. Kg2 Qd3 42. Rd8 Qxe4 43. Rd7+ Kh6 44. Qd2+ g5 45. Qd5 Rf4+ 46. Qxe4 Rxe4 47. Rxc7 Rxc4 48. Kf3 Kg6 49. Rc6 h5 50. Rc8 Kf5 51. Rh8 Rc3+ 52. Kg2 h4 53. Rf8 c4 54. Rf7 Rc2 55. Kf1 e4 56. Rf8 e3 57. Rc8 Kf4 58. Rc6 f5 59. Rc5 g4 60. hxg4 Kxg4 61. Kg2 f4 62. Kg1 Rc1+ 63. Kg2 h3+ 64. Kh2 exf2 65. Rxc4 Rxc4 0-1

[Event "Porto San Giorgio op-A 21st"]
[Site "Porto San Giorgio"]
[Date "2009.08.24"]
[Round "4"]
[White "Curtacci, Sergio"]
[Black "Peredy, Ferenc"]
[Result "0-1"]
[WhiteElo "1952"]
[BlackElo "2277"]
[PlyCount "78"]
[EventDate "2009.08.21"]
[EventType "swiss"]
[EventRounds "9"]
[EventCountry "ITA"]
[SourceTitle "CBM 131 Extra"]
[Source "ChessBase"]
[SourceDate "2009.09.03"]
[SourceVersion "2"]
[SourceVersionDate "2009.09.16"]
[SourceQuality "1"]

1. d4 d5 2. Nf3 Nf6 3. e3 g6 4. Nbd2 Bg7 5. b3 c5 6. Bb2 Ne4 7. c3 Qa5 8. Qc2 Bf5 9. Bd3 cxd4 10. Nxd4 e5 11. Nxf5 gxf5 12. 0-0 Nc6 13. b4 Qb6 14. Bxe4 dxe4 15. Nc4 Qc7 16. Rfd1 0-0 17. Qe2 Rfd8 18. a4 Ne7 19. Na3 a6 20. Rxd8+ Rxd8 21. Rd1 Rd7 22. Nb1 f4 23. Rf1 f5 24. Qh5 Qd6 25. h3 Rd8 26. b5 Qe6 27. Rd1 Rd3 28. Qe8+ Bf8 29. Re1 fxe3 30. fxe3 f4 31. Ba3 Kg7 32. Bc5 axb5 33. axb5 b6 34. Bb4 f3 35. gxf3 exf3 36. Kf2 Qa2+ 37. Kxf3 e4+ 38. Kf4 Qf2+ 39. Kg4 Qf3+ 0-1

[Event "Lugano New op 2nd"]
[Site "Lugano"]
[Date "2008.03.16"]
[Round "7"]
[White "Camponovo, David"]
[Black "Curtacci, Sergio"]
[Result "1/2-1/2"]
[WhiteElo "1930"]
[BlackElo "2215"]
[PlyCount "50"]
[EventDate "2008.03.13"]
[EventType "swiss"]
[EventRounds "7"]
[EventCountry "SUI"]
[SourceTitle "EXT 2010"]
[Source "ChessBase"]
[SourceDate "2010.11.25"]
[SourceVersion "1"]
[SourceVersionDate "2010.11.25"]
[SourceQuality "1"]

1. c4 Nf6 2. Nc3 c5 3. g3 Nc6 4. Bg2 g6 5. Nf3 Bg7 6. 0-0 0-0 7. d4 cxd4 8. Nxd4 Qa5 9. a3 Ng4 10. e3 Nge5 11. b4 Nxb4 12. axb4 Qxa1 13. Qb3 Qa6 14. f4 Nc6 15. Ndb5 Bxc3 16. Qxc3 Qb6 17. Bb2 f6 18. Be4 a6 19. f5 g5 20. Bd5+ Kg7 21. h4 h6 22. hxg5 hxg5 23. Nd4 Qxb4 24. Qc1 Qd6 25. Ne2 b5 1/2-1/2

[Event "CFriend AM-2004-0-00010 email"]
[Site "Chessfriend.com"]
[Date "2004.03.01"]
[Round "?"]
[White "Curtacci, Sergio"]
[Black "Kuhne, Detlev"]
[Result "0-1"]
[WhiteElo "2340"]
[BlackElo "2287"]
[PlyCount "56"]
[EventDate "2004.??.??"]
[EventType "tourn (corr)"]
[EventRounds "12"]
[SourceTitle "Corr 2008"]
[Source "ChessBase"]
[SourceDate "2008.06.24"]
[SourceVersion "1"]
[SourceVersionDate "2008.06.24"]
[SourceQuality "1"]

1. e4 e5 2. Nf3 Nc6 3. Bb5 a6 4. Bxc6 dxc6 5. 0-0 f6 6. d4 exd4 7. Nxd4 c5 8. Nb3 Qxd1 9. Rxd1 Bg4 10. f3 Bd7 11. Be3 b6 12. a4 0-0-0 13. Nc3 c4 14. Nd4 Ne7 15. Rd2 Nc6 16. Nxc6 Bxc6 17. Rxd8+ Kxd8 18. Rd1+ Kc8 19. Kf2 Be7 20. Nd5 Bxd5 21. Rxd5 c6 22. Rd1 Rd8 23. Ra1 c5 24. f4 h5 25. h3 Kd7 26. Rd1+ Kc6 27. Rg1 b5 28. axb5+ axb5 0-1

[Event "CFriend AM-2004-0-00010 email"]
[Site "Chessfriend.com"]
[Date "2004.03.01"]
[Round "?"]
[White "Curtacci, Sergio"]
[Black "Scacco, Mauro"]
[Result "0-1"]
[WhiteElo "2340"]
[BlackElo "2267"]
[PlyCount "34"]
[EventDate "2004.??.??"]
[EventType "tourn (corr)"]
[EventRounds "12"]
[SourceTitle "Corr 2008"]
[Source "ChessBase"]
[SourceDate "2008.06.24"]
[SourceVersion "1"]
[SourceVersionDate "2008.06.24"]
[SourceQuality "1"]

1. e4 e5 2. Nf3 Nc6 3. Bb5 Nf6 4. 0-0 Nxe4 5. Re1 Nd6 6. Bxc6 dxc6 7. d4 e4 8. Nc3 f5 9. Ne5 g6 10. f3 Bg7 11. fxe4 0-0 12. exf5 Bxf5 13. Ne2 Nf7 14. Nxf7 Rxf7 15. c3 Qd7 16. Qb3 c5 17. dxc5 Re8 0-1